00301nam a2200121Ia 4500008004100000041000800041082001500049100002000064245003000084250001500114260004300129365000700172240624s9999 xx 000 0 und d aeng a346.07 KAP aBHANDARI MUNICH aCORPORATE AND ALLIED LAWS a(21st ed.) c2015aNew DelhibSultan Chand and Sons cRS